书目信息 |
| 题名: |
野人山淘金记
|
|
| 作者: | 赵瑜 著 | |
| 分册: | ||
| 出版信息: | 北京 作家出版社 2014.5 |
|
| 页数: | 258页 | |
| 开本: | 24cm | |
| 丛书名: | 中国文学创作出版精品工程 | |
| 单 册: | ||
| 中图分类: | I253.7 | |
| 科图分类: | ||
| 主题词: | 报告文学--bao gao wen xue--中国--当代 | |
| 电子资源: | ||
| ISBN: | 978-7-5063-7356-2 | |
| 000 | 01564nam 2200301 450 | |
| 001 | 0100004342 | |
| 005 | 20141028102235.5 | |
| 010 | @a978-7-5063-7356-2@dCNY48.00 | |
| 100 | @a20140815d2014 em y0chiy0121 ea | |
| 101 | 0 | @achi |
| 102 | @aCN@b110000 | |
| 105 | @aac z 000zy | |
| 106 | @ar | |
| 200 | 1 | @a野人山淘金记@Aye ren shan tao jin ji@e中国首部长篇摄影报告文学@f赵瑜著 |
| 210 | @a北京@c作家出版社@d2014.5 | |
| 215 | @a258页@c彩图, 肖像@d24cm | |
| 225 | 2 | @a中国文学创作出版精品工程@Azhong guo wen xue chuang zuo chu ban jing pin gong cheng |
| 312 | @a英文并列题名取自封面 | |
| 314 | @a赵瑜, 著有报告文学及纪录片多部, 中国作家协会、中国摄影家协会会员, 中国报告文学学会副会长、山西省作家协会副主席, 国务院特殊津贴专家。 | |
| 330 | @a缅甸北部野人山, 荒蛮凶险, 瘴毒横生, 军政分割, 战火频仍, 却蕴藏着丰富的黄金砂脉。中国多个省份的冒险家, 挺进缅北, 在当地军队枪口下忘死淘金, 构成中国开放三十年来新群体现象的一部分。黑帮、疟疾、淫雨、金魔, 皆为淘金汉之大敌。著名作家赵瑜, 携带两台相机, 深入热带雨林, 亲赴淘金现场, 体验“国际个体户”心路历程。《野人山淘金记》以大量图片和精湛的叙述, 向读者报告了许多鲜为人知的秘密, 拷问着人性善恶的深刻命题, 状写了一部有关生命与自然的传奇力作。 | |
| 410 | 0 | @12001 @a中国文学创作出版精品工程 |
| 510 | 1 | @aGold rush in Savage Mountain@zeng |
| 517 | 1 | @a中国首部长篇摄影报告文学@Azhong guo shou bu chang pian she ying bao gao wen xue |
| 606 | 0 | @a报告文学@Abao gao wen xue@y中国@z当代 |
| 690 | @aI253.7@v5 | |
| 701 | 0 | @a赵瑜@Azhao yu@4著 |
| 801 | 0 | @aCN@c20160515 |
| 905 | @a河南城建学院图书馆@dI253.7@eZ348 | |
| 野人山淘金记:中国首部长篇摄影报告文学/赵瑜著.-北京:作家出版社,2014.5 |
| 258页:彩图, 肖像;24cm.-(中国文学创作出版精品工程) |
| ISBN 978-7-5063-7356-2:CNY48.00 |
| 缅甸北部野人山, 荒蛮凶险, 瘴毒横生, 军政分割, 战火频仍, 却蕴藏着丰富的黄金砂脉。中国多个省份的冒险家, 挺进缅北, 在当地军队枪口下忘死淘金, 构成中国开放三十年来新群体现象的一部分。黑帮、疟疾、淫雨、金魔, 皆为淘金汉之大敌。著名作家赵瑜, 携带两台相机, 深入热带雨林, 亲赴淘金现场, 体验“国际个体户”心路历程。《野人山淘金记》以大量图片和精湛的叙述, 向读者报告了许多鲜为人知的秘密, 拷问着人性善恶的深刻命题, 状写了一部有关生命与自然的传奇力作。 |
| ● |
| 相关链接 |
|
|
|
正题名:野人山淘金记
索取号:I253.7/Z348
 
预约/预借
| 序号 | 登录号 | 条形码 | 馆藏地/架位号 | 状态 | 备注 |
| 1 | 1252454 | 212524543 | 自科二线504/422社科库 49排1列5层/ [索取号:I253.7/Z348] | 在馆 | |
| 2 | 1252455 | 212524552 | 文学库108/108文学库 68排10列4层/ [索取号:I253.7/Z348] | 在馆 | |
| 3 | 1252456 | 212524561 | 文学库108/108文学库 68排10列4层/ [索取号:I253.7/Z348] | 在馆 |